Logo BPK

Bibliografia Prac Pracowników

Politechniki Koszalińskiej

A low power low voltage current-mode A/D and d/a converters for DSP system / (Rekord nr 7851)

Szczegóły MARC
000 -ETYKIETA REKORDU
podpole kontrolne o stałej długości 02222nab a22002777i 4500
003 - IDENTYFIKATOR NUMERU KONTROLNEGO REKORDU
podpole kontrolne KOSZ 005
005 - DATA OSTATNIEJ MODYFIKACJI REKORDU
podpole kontrolne 20180209110920.0
008 - POLE O STAŁEJ DŁUGOŚCI - DANE KONTROLNE
podpole kontrolne o stałej długości 160308s2011 kr ||||| ||||1|| ||eng
024 ## - INNY NUMER ZNORMALIZOWANY
Numer znormalizowany 10.1109/MWSCAS.2011.6026463
Źródło numeru lub kodu doi
035 ## - NUMER SYSTEMOWY
Numer systemowy przejętego rekordu PBN-R:638690
040 ## - ŹRÓDŁO KATALOGOWANIA
Instytucja, która utworzyła rekord KOSZ 005/md
Instytucja, która sporządziła opis PBN-ID
041 0# - KOD JĘZYKA
Kod języka tekstu eng
Kod języka streszczenia lub abstraktu eng
100 ## - NAZWA OSOBOWA
Nazwa osobowa SUSZYŃSKI, Robert.
Lata pracy 1996 - .
Instytucja Politechnika Koszalińska - Wydział Elektroniki i Informatyki,
Wydział Katedra Systemów Cyfrowego Przetwarzania Sygnałów
245 10 - TYTUŁ/ODPOWIEDZIALNOŚĆ
Tytuł A low power low voltage current-mode A/D and d/a converters for DSP system /
Pozostałe elementy strefy tytułu i oznaczenia odpowiedzialności Robert Suszyński, Krzysztof Wawryn.
260 ## - STREFA ADRESU WYDAWNICZEGO
Data publikacji, dystrybucji/powstania dokumentu 2011.
520 ## - UWAGA DOTYCZĄCA TREŚCI DOKUMENTU
Analiza dokumentacyjna, adnotacja itp. A low power low voltage current mode 9-bit pipelined a/d converter and 8-bit self-calibrated d/a converter to interface a DSP system are presented in the paper. The a/d converter is built of 1.5 bit stages with digital error correction logic. The self-calibrated d/a converter is composed of M LSBs fine and N MSBs coarse current mode converters. The a/d and d/a converters were designed in 0.35μm technology, then fabricated to verify proposed concept. Performances of both converters are compared to performances of known converter structures. Low power consumption and small chip area are advantages of the proposed converters.
650 #0 - HASŁO PRZEDMIOTOWE W FORMIE NAZWY OGÓLNEJ LUB JEDNOSTKOWEJ
Nazwa ogólna lub geograficzna Original article.
650 #0 - HASŁO PRZEDMIOTOWE W FORMIE NAZWY OGÓLNEJ LUB JEDNOSTKOWEJ
Nazwa ogólna lub geograficzna Original article presents the results of original research or experiment.
650 #0 - HASŁO PRZEDMIOTOWE W FORMIE NAZWY OGÓLNEJ LUB JEDNOSTKOWEJ
Nazwa ogólna lub geograficzna Oryginalny artykuł naukowy.
650 #0 - HASŁO PRZEDMIOTOWE W FORMIE NAZWY OGÓLNEJ LUB JEDNOSTKOWEJ
Nazwa ogólna lub geograficzna Oryginalny artykuł naukowy przedstawia rezultaty oryginalnych badań naukowych lub eksperymentu.
653 ## - TERMIN INDEKSOWY - FORMA NIEKONTROLOWANA
Termin indeksowy analogue-digital conversion current-mode logic digital signal processing chips digital-analogue conversion low-power electronics pipeline processing|en
700 ## - HASŁO DODATKOWE - NAZWA OSOBOWA
Nazwa osobowa WAWRYN, Krzysztof.
Lata pracy 1996 - .
Instytucja Politechnika Koszalińska - Wydział Elektroniki i Informatyki,
Wydział Katedra Systemów Cyfrowego Przetwarzania Sygnałów
773 ## - TYTUŁ DOKUMENTU MACIERZYSTEGO
Wyrażenie wprowadzające W:
Tytuł Proceedings of the 54th IEEE International Midwest Symposium on Circuits and Systems. -
ISSN 1548-3746
Adres wydawniczy IEEE, 2011. -
711 2# - HASŁO DODATKOWE - NAZWA IMPREZY
Nazwa imprezy IEEE International Midwest Symposium on Circuits and Systems MWSCAS 2011
Oznaczenie części/sekcji dzieła (54 ;
Data imprezy 2011 ;
Miejsce imprezy Seoul, Korea Południowa).
Nazwa części/sekcji dzieła MWSCAS 2011
942 ## - HASŁO DODATKOWE - ELEMENTY(KOHA)
Typ dokumentu Artykuł
Schemat klasyfikacji Uniwersalna klasyfikacja dziesiętna

Brak dostępnych egzemplarzy.

© 2014 Biblioteka Politechniki Koszalińskiej :: BIBLIOGRAFIA PRAC PRACOWNIKÓW